Представление документа в формате RUSMARC

ПолеНазваниеЗначение
  Тип записи a
  Библиографический уровень m
001 Контрольный номер RU/SLIB/B/208787908
005 Дата корректировки 20240205161304.8
010 Индекс ISBN __
d Цена 0-65
100 Данные общей обработки __
a Данные общей обработки 20230605d1988 de y0rusy028902 ca
101 Язык документа 0_
a Язык текста rus
102 Страна публикации __
a Страна публикации RU
105 Кодированные данные (монография) __
a Кодированные данные (монография) a z 000yy
181 Поле кодированных данных: вид содержания _0
a Код вида содержания (ISBD) i
182 Поле кодированных данных: тип средства _0
a Код типа средства (ISBD) n
200 Заглавие и сведения об ответственности 1_
a Заглавие Концерт для оркестра
f Первые сведения об ответственности Э. Великович ; худож. В. Бродский
b Общее обозначение материала Текст
210 Выходные данные 1_
a Место издания Л.
c Издательство Дет. лит.
d Дата издания 1988
215 Физическое описание __
a Объем 224 с.
c Иллюстрации/тип воспроизводства ил.
606 Тематические рубрики __
a Основная рубрика Музыка и зрелищные искусства
2 Код системы nlr_sh
606 Тематические рубрики __
a Основная рубрика Музыка в целом
2 Код системы nlr_sh
610 Ключевые слова 0_
a Ключевые слова музыкальные произведения; концерты; оркестры; оркестровая музыка
686 Индексы других классификаций __
a Классификационный индекс ст85.31
2 Код системы rubbks
700 Автор _1
a Фамилия Великович
b Имя Э. И.
4 Код отношения 070
g Полное личное имя Эмма Иосифовна
702 Вторичная интеллектуальная ответственность _1
a Фамилия Бродский
b Имя В.
4 Код отношения 440
801 Источник записи _0
a Страна RU
b Организация Муниципальное бюджетное учреждение культуры "Централизованная библиотечная система" г. Сургут (Центральная городская библиотека им. А. С. Пушкина)
g Правила каталогизации PSBO
c Дата составления 20060411
801 Источник записи _1
a Страна RU
b Организация Муниципальное бюджетное учреждение культуры "Централизованная библиотечная система" г. Сургут (Центральная городская библиотека им. А. С. Пушкина)
g Правила каталогизации PSBO
c Дата составления 20060411
852 Данные о местонахождении __
j Шифр хранения ст85.31
c Каталожный индекс ст85.31
i Авторский знак В 27
p Инвентарный номер 35008
901 Тип документа __
t Тип документа m
a Ответственный ЦДБ/Суздальцева
903 Характеристики (МАРС) __
a Дата передачи 20060411
c Наименование библиотеки (МАРС) Муниципальное бюджетное учреждение культуры "Централизованная библиотечная система" г. Сургут (Центральная городская библиотека им. А. С. Пушкина)
990 Данные о заказе (DOS) __
j Количество экземпляров (DOS) 2
t N записи в КСУ для И/У (DOS) 199101